000 00686nam a22002057a 4500
005 20251108165020.0
008 250721s1983 xx 000 0 ara d
082 1 4 _a926.1/علي
100 1 _aقطايه، سلمان
245 1 0 _aالطبيب العربي علي بن رضوان :
_bرئيس أطباء مصر 376 هـ / 986م - 460 هـ / 1067م /
264 1 _aبيروت :
_bالمؤسسة العربية للدراسات و النشر،
_c1983.
300 _a112ص
490 0 _aأعلام الطب العربي
650 1 7 _aالتراجم
650 1 7 _aالأطباء
650 1 7 _aتاريخ العرب
650 1 7 _aالعرب
942 _2ddc
_cBK
999 _c19956
_d19956